000 00304nam a2200133Ia 4500
005 20251222151312.0
008 251222s9999||||xx |||||||||||||| ||spa||
020 _a8408065785
082 _a863.64/L89
100 _aLorenzo , Javier
245 0 _aEl Ăšltimo Soldurio
264 _bPlaneta
942 _cLIB
999 _c23402
_d23402